000 00369nam a2200157Ia 4500
003 LK-CoDNM
008 010623t xxu||||| |||| 00| 1 eng d
040 _aLK-CoDNM
_dLK-CoDNM
_eLK-CoDNM
041 _aeng
080 _a15 I 22
100 _aBlaze,B.R.
245 _aThe Life of Lorenz
260 _bLake House
_aColombo,London
300 _b249p., 22 cm
942 _cBK
999 _c136325
_d136325